Statistics for Anagram Capital Cities With A Twist

Click here to take the quiz!

General Stats

  • This quiz has been taken 9 times
  • The average score is 3 of 10

Answer Stats

ClueAnswer% Correct
Small subterranean mammal?Lome(Mole)
75%
Unaccompanied?Oslo(Solo)
50%
Finnish steam rooms?Saunas(Nassau)
50%
CouplesParis(Pairs)
50%
Heals?Sucre(Cures)
25%
Be quick to do something?Athens(Hasten)
0%
Dark coloured mammals that are part of the weasel family?Minsk(Minks)
0%
Roughly squared timber beam?Baulk(Kabul)
0%
Evoke or awaken?Roseau(Arouse)
0%
Rings thrown during fairground game?Quito(Quoit)
0%

Score Distribution

Percentile by Number Answered

Percent of People with Each Score

Your Score History

You have not taken this quiz